| 000 | 00741cam a22002411 4500 | ||
|---|---|---|---|
| 001 | he 68001699 | ||
| 003 | DLC | ||
| 005 | 20260227111459.0 | ||
| 008 | 840424s1967 is 000 0 heb | ||
| 010 | _ahe 68001699 | ||
| 035 | _a(OCoLC)19148031 | ||
| 040 |
_aDLC _cMH _dCU _dWU _dDLC |
||
| 042 | _apremarc | ||
| 050 | 0 | 0 |
_aBM504.2 _b.S347 |
| 100 | 1 |
_aSofer, Avraham Shemuʼel Binyamin, _d1901-1961 |
|
| 245 | 1 | 0 |
_aSefer Ḥashav Sofer / _cme-et Avraham Shemuʼel Binyamin Sofer. |
| 260 |
_aJerusalem : _bMekhon Daʻat Sofer, _c727 [1967] |
||
| 300 |
_a2 v. in 1 (6, 148 p.) ; _c34 cm. |
||
| 500 | _aEach volume has special t.p. only. | ||
| 630 | 0 | 0 |
_aTalmud _vCommentaries. |
| 650 | 0 |
_aResponsa _y1800-1948. |
|
| 740 | 0 | _aḤashav Sofer. | |
| 999 |
_c33376 _d33376 |
||